Lataa...
ONIONS AND ALLIED CROPS: V-3( BIOCHEMISTRY,FOOD SCIENCE, AND MINOR CROPS)
| Päätekijä: | |
|---|---|
| Aineistotyyppi: | Printed Book |
| Julkaistu: |
BOCA RATON, CRC PRESS
1990
|
| Aiheet: |
| LEADER | 005080000a22001450004500 | ||
|---|---|---|---|
| 082 | |a 635.25 BRE/ON | ||
| 100 | |a BREWSTER, JAMES L | ||
| 245 | |a ONIONS AND ALLIED CROPS: V-3( BIOCHEMISTRY,FOOD SCIENCE, AND MINOR CROPS) | ||
| 260 | |a BOCA RATON, CRC PRESS | ||
| 260 | |c 1990 | ||
| 300 | |a pages 265 | ||
| 650 | |a CARBOHYDRATE BIOCHEMISTRY | ||
| 942 | |c BK | ||
| 999 | |c 167244 |d 167244 | ||
| 952 | |0 0 |1 0 |4 0 |6 635_250000000000000_BRE_ON |7 0 |9 170958 |a KAUCOAP |b KAUCOAP |d 2013-07-24 |o 635.25 BRE/ON |p KAU_COAP08829 |r 2013-07-24 |w 2013-07-24 |y BK | ||